<?xml version="1.0" encoding="UTF-8"?><marc:collection xmlns:marc="http://www.loc.gov/MARC21/slim">
  <marc:record>
    <marc:leader>03750nas a2200637 c 4500</marc:leader>
    <marc:controlfield tag="001">01002526X</marc:controlfield>
    <marc:controlfield tag="003">DE-101</marc:controlfield>
    <marc:controlfield tag="005">20240724165443.0</marc:controlfield>
    <marc:controlfield tag="007">tu</marc:controlfield>
    <marc:controlfield tag="008">991118c19549999lu z||p|  ||| 0||||1ger c</marc:controlfield>
    <marc:datafield tag="015" ind1=" " ind2=" ">
      <marc:subfield code="a">11,B06</marc:subfield>
      <marc:subfield code="2">dnb</marc:subfield>
    </marc:datafield>
    <marc:datafield tag="016" ind1="7" ind2=" ">
      <marc:subfield code="2">DE-600</marc:subfield>
      <marc:subfield code="a">953860-4</marc:subfield>
    </marc:datafield>
    <marc:datafield tag="016" ind1="7" ind2=" ">
      <marc:subfield code="2">DE-101</marc:subfield>
      <marc:subfield code="a">01002526X</marc:subfield>
    </marc:datafield>
    <marc:datafield tag="022" ind1=" " ind2=" ">
      <marc:subfield code="a">1727-088X</marc:subfield>
    </marc:datafield>
    <marc:datafield tag="022" ind1=" " ind2=" ">
      <marc:subfield code="a">1727-2122</marc:subfield>
    </marc:datafield>
    <marc:datafield tag="035" ind1=" " ind2=" ">
      <marc:subfield code="a">(DE-599)ZDB953860-4</marc:subfield>
    </marc:datafield>
    <marc:datafield tag="035" ind1=" " ind2=" ">
      <marc:subfield code="a">(OCoLC)183414218</marc:subfield>
    </marc:datafield>
    <marc:datafield tag="040" ind1=" " ind2=" ">
      <marc:subfield code="a">9001</marc:subfield>
      <marc:subfield code="b">ger</marc:subfield>
      <marc:subfield code="c">DE-101</marc:subfield>
      <marc:subfield code="d">9001</marc:subfield>
    </marc:datafield>
    <marc:datafield tag="041" ind1=" " ind2=" ">
      <marc:subfield code="a">ger</marc:subfield>
    </marc:datafield>
    <marc:datafield tag="042" ind1=" " ind2=" ">
      <marc:subfield code="a">zdb</marc:subfield>
    </marc:datafield>
    <marc:datafield tag="044" ind1=" " ind2=" ">
      <marc:subfield code="c">XA-LU</marc:subfield>
    </marc:datafield>
    <marc:datafield tag="082" ind1="7" ind2="4">
      <marc:subfield code="a">333.7</marc:subfield>
      <marc:subfield code="q">DE-101</marc:subfield>
      <marc:subfield code="2">22sdnb</marc:subfield>
    </marc:datafield>
    <marc:datafield tag="083" ind1="7" ind2=" ">
      <marc:subfield code="a">590</marc:subfield>
      <marc:subfield code="q">DE-600</marc:subfield>
      <marc:subfield code="2">22sdnb</marc:subfield>
    </marc:datafield>
    <marc:datafield tag="084" ind1=" " ind2=" ">
      <marc:subfield code="a">7,23</marc:subfield>
      <marc:subfield code="a">12</marc:subfield>
      <marc:subfield code="2">ssgn</marc:subfield>
    </marc:datafield>
    <marc:datafield tag="084" ind1=" " ind2=" ">
      <marc:subfield code="a">BIODIV</marc:subfield>
      <marc:subfield code="q">DE-30</marc:subfield>
      <marc:subfield code="2">fid</marc:subfield>
    </marc:datafield>
    <marc:datafield tag="245" ind1="0" ind2="0">
      <marc:subfield code="a">Regulus</marc:subfield>
      <marc:subfield code="b">Za͏̈itschre͏̈ft fir natur &amp; e͏̈mwelt</marc:subfield>
    </marc:datafield>
    <marc:datafield tag="246" ind1="1" ind2=" ">
      <marc:subfield code="i">Titelzusatz füher</marc:subfield>
      <marc:subfield code="a"> Za͏̈itschre͏̈ft fir Naturschutz zu Le͏̈tzbuerg</marc:subfield>
    </marc:datafield>
    <marc:datafield tag="247" ind1="0" ind2="0">
      <marc:subfield code="a">Organ der Luxemburger Natur- und Vogelschutzliga</marc:subfield>
      <marc:subfield code="f">Zusatz anfangs</marc:subfield>
    </marc:datafield>
    <marc:datafield tag="264" ind1="3" ind2="1">
      <marc:subfield code="a">Kockelscheuer</marc:subfield>
      <marc:subfield code="b">natur&amp;e͏̈mwelt a.s.b.l.</marc:subfield>
      <marc:subfield code="c">1954-</marc:subfield>
    </marc:datafield>
    <marc:datafield tag="264" ind1="2" ind2="1">
      <marc:subfield code="3">früher</marc:subfield>
      <marc:subfield code="a">Esch-sur-Alzette</marc:subfield>
      <marc:subfield code="b">Ligue</marc:subfield>
    </marc:datafield>
    <marc:datafield tag="300" ind1=" " ind2=" ">
      <marc:subfield code="c">30 cm</marc:subfield>
    </marc:datafield>
    <marc:datafield tag="336" ind1=" " ind2=" ">
      <marc:subfield code="a">Text</marc:subfield>
      <marc:subfield code="b">txt</marc:subfield>
      <marc:subfield code="2">rdacontent</marc:subfield>
    </marc:datafield>
    <marc:datafield tag="337" ind1=" " ind2=" ">
      <marc:subfield code="a">ohne Hilfsmittel zu benutzen</marc:subfield>
      <marc:subfield code="b">n</marc:subfield>
      <marc:subfield code="2">rdamedia</marc:subfield>
    </marc:datafield>
    <marc:datafield tag="338" ind1=" " ind2=" ">
      <marc:subfield code="a">Band</marc:subfield>
      <marc:subfield code="b">nc</marc:subfield>
      <marc:subfield code="2">rdacarrier</marc:subfield>
    </marc:datafield>
    <marc:datafield tag="362" ind1="0" ind2=" ">
      <marc:subfield code="a">34.1954 - 40.1960; 7=41/43.1961/63 - 14=60/65.1980/85; 66.1986 - 72.1992; 1993 -</marc:subfield>
    </marc:datafield>
    <marc:datafield tag="363" ind1="0" ind2="0">
      <marc:subfield code="8">1.1\x</marc:subfield>
      <marc:subfield code="a">34</marc:subfield>
      <marc:subfield code="i">1954</marc:subfield>
    </marc:datafield>
    <marc:datafield tag="363" ind1="1" ind2="0">
      <marc:subfield code="8">1.2\x</marc:subfield>
      <marc:subfield code="a">40</marc:subfield>
      <marc:subfield code="i">1960</marc:subfield>
    </marc:datafield>
    <marc:datafield tag="363" ind1="0" ind2="0">
      <marc:subfield code="8">2.1\x</marc:subfield>
      <marc:subfield code="a">7</marc:subfield>
      <marc:subfield code="i">1961/63</marc:subfield>
    </marc:datafield>
    <marc:datafield tag="363" ind1="1" ind2="0">
      <marc:subfield code="8">2.2\x</marc:subfield>
      <marc:subfield code="a">14</marc:subfield>
      <marc:subfield code="i">1980/85</marc:subfield>
    </marc:datafield>
    <marc:datafield tag="363" ind1="0" ind2="0">
      <marc:subfield code="8">3.1\x</marc:subfield>
      <marc:subfield code="a">66</marc:subfield>
      <marc:subfield code="i">1986</marc:subfield>
    </marc:datafield>
    <marc:datafield tag="363" ind1="1" ind2="0">
      <marc:subfield code="8">3.2\x</marc:subfield>
      <marc:subfield code="a">72</marc:subfield>
      <marc:subfield code="i">1992</marc:subfield>
    </marc:datafield>
    <marc:datafield tag="363" ind1="0" ind2="1">
      <marc:subfield code="8">4.1\x</marc:subfield>
      <marc:subfield code="i">1993</marc:subfield>
    </marc:datafield>
    <marc:datafield tag="500" ind1=" " ind2=" ">
      <marc:subfield code="a">Erscheint teils auch als Beilage zu "Revue : de magazin fir Le͏̈tzebuerg"</marc:subfield>
    </marc:datafield>
    <marc:datafield tag="515" ind1=" " ind2=" ">
      <marc:subfield code="a">Einzelne Hefte nur als interne Informationen ersch.; unregelmäßig</marc:subfield>
    </marc:datafield>
    <marc:datafield tag="550" ind1=" " ind2=" ">
      <marc:subfield code="a">Urh. bis 14.1983,14: Ligue Luxembourgeoise pour l'Etude et la Protection dex Oiseaux</marc:subfield>
    </marc:datafield>
    <marc:datafield tag="655" ind1=" " ind2="7">
      <marc:subfield code="0">(DE-588)4067488-5</marc:subfield>
      <marc:subfield code="0">https://d-nb.info/gnd/4067488-5</marc:subfield>
      <marc:subfield code="0">(DE-101)040674886</marc:subfield>
      <marc:subfield code="a">Zeitschrift</marc:subfield>
      <marc:subfield code="2">gnd-content</marc:subfield>
    </marc:datafield>
    <marc:datafield tag="710" ind1="2" ind2=" ">
      <marc:subfield code="0">(DE-588)1039565-9</marc:subfield>
      <marc:subfield code="0">https://d-nb.info/gnd/1039565-9</marc:subfield>
      <marc:subfield code="0">(DE-101)004239296</marc:subfield>
      <marc:subfield code="a">Ligue Luxembourgeoise pour l'Etude et la Protection des Oiseaux</marc:subfield>
      <marc:subfield code="e">Herausgebendes Organ</marc:subfield>
      <marc:subfield code="4">isb</marc:subfield>
      <marc:subfield code="2">gnd</marc:subfield>
    </marc:datafield>
    <marc:datafield tag="710" ind1="2" ind2=" ">
      <marc:subfield code="0">(DE-588)10021856-8</marc:subfield>
      <marc:subfield code="0">https://d-nb.info/gnd/10021856-8</marc:subfield>
      <marc:subfield code="0">(DE-101)961849061</marc:subfield>
      <marc:subfield code="a">Lëtzebuerger Natur- a Vulleschutzliga</marc:subfield>
      <marc:subfield code="e">Herausgebendes Organ</marc:subfield>
      <marc:subfield code="4">isb</marc:subfield>
      <marc:subfield code="2">gnd</marc:subfield>
    </marc:datafield>
    <marc:datafield tag="776" ind1="0" ind2="8">
      <marc:subfield code="i">Erscheint auch als</marc:subfield>
      <marc:subfield code="n">Online-Ausgabe</marc:subfield>
      <marc:subfield code="t">Regulus</marc:subfield>
      <marc:subfield code="d">Kockelscheuer : natur&amp;e͏̈mwelt a.s.b.l., [2016?]-</marc:subfield>
      <marc:subfield code="h">Online-Ressource</marc:subfield>
      <marc:subfield code="w">(DE-600)3103678-8</marc:subfield>
      <marc:subfield code="w">(DE-101)1247451569</marc:subfield>
    </marc:datafield>
    <marc:datafield tag="777" ind1="0" ind2="8">
      <marc:subfield code="i">Erscheint mit</marc:subfield>
      <marc:subfield code="n">Ersch. teils als Wendebd. zus. mit</marc:subfield>
      <marc:subfield code="a">Natur&amp;Ëmwelt</marc:subfield>
      <marc:subfield code="t">Jahresbericht / Natur&amp;Ëmwelt</marc:subfield>
      <marc:subfield code="d">Kockelscheuer : Natur&amp;Ëmwelt, 2012-</marc:subfield>
      <marc:subfield code="w">(DE-600)2721809-0</marc:subfield>
      <marc:subfield code="w">(DE-101)1036442241</marc:subfield>
    </marc:datafield>
    <marc:datafield tag="780" ind1="0" ind2="0">
      <marc:subfield code="i">Vorg.:</marc:subfield>
      <marc:subfield code="a">Ligue Luxembourgeoise pour l'Etude et la Protection des Oiseaux</marc:subfield>
      <marc:subfield code="t">Bulletin de la Ligue Luxembourgeoise pour l'Étude et la Protection des Oiseaux</marc:subfield>
      <marc:subfield code="d">Esch-sur-Alzette : Ligue, 1921-1953</marc:subfield>
      <marc:subfield code="w">(DE-600)964055-1</marc:subfield>
      <marc:subfield code="w">(DE-101)010150846</marc:subfield>
    </marc:datafield>
    <marc:datafield tag="787" ind1="0" ind2="8">
      <marc:subfield code="i">In 9,Beil.1=1964/65; in 10.Beil,1=1966/67 von </marc:subfield>
      <marc:subfield code="a">Ligue Luxembourgeoise pour l'Étude et la Protection des Oiseaux / Arbeitsgruppe Beringung</marc:subfield>
      <marc:subfield code="t">Tätigkeitsbericht der Arbeitsgruppe Beringung / Luxemburger Landesverband für Vogelkunde und Naturschutz</marc:subfield>
      <marc:subfield code="d">Luxemburg : [Verlag nicht ermittelbar], 1969-1970</marc:subfield>
      <marc:subfield code="w">(DE-600)15466-0</marc:subfield>
      <marc:subfield code="w">(DE-101)010210733</marc:subfield>
    </marc:datafield>
    <marc:datafield tag="787" ind1="0" ind2="8">
      <marc:subfield code="i">In 9,Beil.1=1967; in 10,Beil.1=1968; 12,Beil.1=1969/72; 12,Beil.2=1973/76 von</marc:subfield>
      <marc:subfield code="a">Ligue Luxembourgeoise pour l'Étude et la Protection des Oiseaux / Arbeitsgruppe Feldornithologie</marc:subfield>
      <marc:subfield code="t">Tätigkeitsbericht der Arbeitsgruppe Feldornithologie / Luxemburger Landesverband für Vogelkunde und Vogelschutz</marc:subfield>
      <marc:subfield code="d">Luxemburg : [Verlag nicht ermittelbar], 1969-1978</marc:subfield>
      <marc:subfield code="w">(DE-600)15465-9</marc:subfield>
      <marc:subfield code="w">(DE-101)010210725</marc:subfield>
    </marc:datafield>
    <marc:datafield tag="787" ind1="0" ind2="8">
      <marc:subfield code="i">2007,2=2006; 2008,3=2007; 2009,1=2008; 2010,1=2009; 2011,1=2010; 2013,1=2012 von</marc:subfield>
      <marc:subfield code="t">Regulus</marc:subfield>
      <marc:subfield code="d">Esch-sur-Alzette : Ligue, 2006-</marc:subfield>
      <marc:subfield code="w">(DE-600)2380121-9</marc:subfield>
      <marc:subfield code="w">(DE-101)985137401</marc:subfield>
    </marc:datafield>
    <marc:datafield tag="850" ind1=" " ind2=" ">
      <marc:subfield code="a">DE-101a</marc:subfield>
    </marc:datafield>
    <marc:datafield tag="925" ind1="r" ind2=" ">
      <marc:subfield code="a">rb</marc:subfield>
    </marc:datafield>
  </marc:record>
</marc:collection>
